ბათუმის შოთა რუსთაველის სახელმწიფო უნივერსიტეტის ბიბლიოთეკა

სკოლის დემოკრატიული მმართველობის სფეროები და პრინციპები / (ბიბ.ჩანაწერი № 55280)

000 -ლიდერი
ფიქსირებული სიგრძის საკონტროლო ველი 01264nam a2200241Ia 4500
001 - საკონტროლო ნომერი
საკონტროლო ველი 22356
003 - საკონტროლო ნომრის იდენტიფიკატორი
საკონტროლო ველი GE_BSU
005 - ბოლო ოპერაციის თარიღი და დრო
საკონტროლო ველი 20221221160907.0
008 - ფიქსირებული სიგრძის მონაცემთა ელემენტები - ზოგადი ინფორმაცია
ფიქსირებული სიგრძის საკონტროლო ველი 181216s2018||||ge |||||||||||||| ||geo||
040 ## - კატალოგიზაციის წყარო
Transcribing agency GE_BSU
041 ## - ენის კოდი
Language code of text/sound track or separate title geo
080 ## - უნივერსალური ათობითი კლასიფიკაციის ინდექსი
Universal Decimal Classification number 37 ქ-66
100 ## - მთავარი ჩანაწერი - პიროვნების სახელი
Personal name ქორიძე, ლილი
9 (RLIN) 10724
245 ## - ცნობა სათაურის შესახებ
Title სკოლის დემოკრატიული მმართველობის სფეროები და პრინციპები /
Statement of responsibility, etc ლილი ქორიძე; მეცნ. ხელმძღვ. გ. შერვაშიძე; ბსუ განათლების ფაკ-ტი. პედაგოგიურ მეცნიერებათა დეპ-ტი.
264 ## - წარმოების, გამოცემის, დისტრიბუციის და სხვა ცნობები
გამოცემის, წარმოების, დისტრიბუციის... ადგილი ბათუმი,
გამოცემის, წარმოების, დისტრიბუციის... თარიღი 2018.
300 ## - ფიზიკური აღწერა
Extent 230 გვ.;
Other physical details 30 სმ.
504 ## - BIBLIOGRAPHY, ETC. NOTE
Bibliography, etc ბიბლიოგრ. გვ.219-229
653 ## - INDEX TERM--UNCONTROLLED
Uncontrolled term პედაგოგიკა
653 ## - INDEX TERM--UNCONTROLLED
Uncontrolled term სკოლის დემოკრატიული მმართველობის სფეროები და პრინციპები
653 ## - INDEX TERM--UNCONTROLLED
Uncontrolled term დისერტაცია
700 ## - ADDED ENTRY--PERSONAL NAME
Personal name შერვაშიძე, გ.
Relator term მეცნ. ხელმძღვანელი
9 (RLIN) 10721
942 ## - ADDED ENTRY ELEMENTS (KOHA)
Koha item type დისერტაცია
Source of classification or shelving scheme
ეგზემპლარები
ჩამოწერის სტატუსი დაკარგული ეგზემპლარის სტატუსი კლასიფიკაციის წყარო ან თაროზე გაწყობის სქემა დაზიანების სტატუსი არ გაიცემა მუდმივი მდებარეობა (დაცვის ადგილი) ამჟამინდელი ადგილსამყოფელი თაროზე განთავსების ადგილი შეძენის თარიღი სრული შენახვის შიფრი შტრიხკოდი ბოლო ოპერაციის თარიღი ეგზემპლარის მიმდევრობითი ნომერი (კეტერი?) ფასის ძალაში შესვლის თარიღი ეგზემპლარის სახეობა საჯარო შენიშვნა
          ბათუმის შოთა რუსთაველის სახელმწიფო უნივერსიტეტის მთავარი ბიბლიოთეკა ბათუმის შოთა რუსთაველის სახელმწიფო უნივერსიტეტის მთავარი ბიბლიოთეკა წიგნსაცავი 2018-12-17 37 ქ-66 303 დისერტ. 2018-12-17 303 2018-12-17 დისერტაცია